[Event "Elista-ch"]
[Site "Elista"]
[Date "2012.07.09"]
[Round "8"]
[White "Seleev, Sanal"]
[Black "Maksimov, Mikhail"]
[Result "1-0"]
[WhiteElo "1789"]
[BlackElo "1991"]
[PlyCount "79"]
[EventDate "2012.07.02"]
[EventType "tourn"]
[EventRounds "11"]
[EventCountry "RUS"]
[SourceTitle "EXT 2014"]
[Source "ChessBase"]
[SourceDate "2013.11.20"]
[SourceVersion "1"]
[SourceVersionDate "2013.11.20"]
[SourceQuality "1"]

1. Nc3 d5 2. e4 e6 3. Nf3 Nf6 4. e5 Nfd7 5. d4 b6 6. Bg5 Be7 7. Bxe7 Qxe7 8. Nb5 Nf8 9. c3 Bb7 10. Be2 a6 11. Na3 b5 12. 0-0 Ng6 13. Qd2 c5 14. Nc2 Nd7 15. a4 b4 16. cxb4 cxd4 17. Qxd4 0-0 18. Rfc1 Rfc8 19. Nce1 Qd8 20. Nd3 Rxc1+ 21. Rxc1 Rc8 22. Nc5 a5 23. Rc3 Nxc5 24. Rxc5 Rxc5 25. bxc5 Bc6 26. Bb5 Ne7 27. g3 Qb8 28. Qd3 h6 29. Nd4 Bxb5 30. axb5 Qxe5 31. b6 Qe1+ 32. Kg2 e5 33. Nf5 Nxf5 34. Qxf5 g6 35. Qc2 d4 36. c6 d3 37. Qxd3 e4 38. Qd4 Qe2 39. c7 Qf3+ 40. Kg1 1-0

[Event "Elista-ch"]
[Site "Elista"]
[Date "2012.07.02"]
[Round "1"]
[White "Utnasunov, Alexander"]
[Black "Maksimov, Mikhail"]
[Result "1/2-1/2"]
[WhiteElo "1875"]
[BlackElo "1991"]
[PlyCount "95"]
[EventDate "2012.07.02"]
[EventType "tourn"]
[EventRounds "11"]
[EventCountry "RUS"]
[SourceTitle "EXT 2014"]
[Source "ChessBase"]
[SourceDate "2013.11.20"]
[SourceVersion "1"]
[SourceVersionDate "2013.11.20"]
[SourceQuality "1"]

1. d4 Nf6 2. Nf3 c5 3. e3 g6 4. Be2 Bg7 5. 0-0 b6 6. b3 Bb7 7. Bb2 d6 8. Nbd2 0-0 9. c4 Nbd7 10. Re1 Re8 11. d5 b5 12. Rb1 b4 13. e4 Nh5 14. a4 bxa3 15. Bxa3 a5 16. Bb2 Qb6 17. Bxg7 Nxg7 18. Bd3 Ne5 19. Nxe5 dxe5 20. Nf3 f6 21. Rf1 Reb8 22. Nd2 Qc7 23. Bc2 Bc8 24. Ra1 Bd7 25. Nb1 Ne8 26. Nc3 Rb4 27. d6 Qxd6 28. Qd5+ Qxd5 29. Nxd5 Rb7 30. Nxe7+ Kf7 31. Nd5 Bc6 32. f4 Bxd5 33. exd5 exf4 34. Rxf4 Re7 35. Kf1 Nd6 36. b4 cxb4 37. c5 Nb7 38. c6 Nd6 39. Rxb4 axb4 40. Rxa8 f5 41. Rb8 Kf6 42. Rxb4 Ke5 43. Bb3 Ne4 44. Rb7 Re8 45. Kg1 Nc5 46. Rb5 Nxb3 47. Rxb3 Kxd5 48. Rb7 1/2-1/2